Normal view
MARC view
Entry Personal Name
001 - CONTROL NUMBER
- control field: 39170
003 - CONTROL NUMBER IDENTIFIER
- control field: dpl
005 - DATE AND TIME OF LATEST TRANSACTION
- control field: 20120113141239.0
008 - FIXED-LENGTH DATA ELEMENTS
- fixed length control field: 120113|||a|||||| | ||| d
040 ## - CATALOGING SOURCE
- Original cataloging agency: dpl
- Transcribing agency: dpl
100 ## - HEADING--PERSONAL NAME
- Personal name: Harris, Charles W.
- Fuller form of name: (Charles Ward)
670 ## - SOURCE DATA FOUND
- Source citation: Work cat.: (dpl)0: Time-saver standards for landscape architecture :, 2011
670 ## - SOURCE DATA FOUND
- Source citation: Work cat.: (dpl)0: Time-saver standards for landscape architecture :, 2011
